A Müller Drogéria marketing stratégiájának értékelő elemzése

Bibliographic Details
Main Author: Fónyad Zsuzsanna
Other Authors: Brávácz adjunktus Ibolya
Format: Thesis
Kulcsszavak:Müller
drogéria
piac
stratégia
FMCG
Online Access:http://dolgozattar.uni-bge.hu/1719

MARC

LEADER 00000nta a2200000 i 4500
001 dolg1719
005 20150420144856.0
008 150318suuuu hu om 000 hun d
040 |a BGE Dolgozattár Repozitórium  |b hun 
041 |a hu 
100 1 |a Fónyad Zsuzsanna 
245 1 2 |a A Müller Drogéria marketing stratégiájának értékelő elemzése  |c Fónyad Zsuzsanna  |h [elektronikus dokumentum] 
695 |a Müller 
695 |a drogéria 
695 |a piac 
695 |a stratégia 
695 |a FMCG 
700 1 |a Brávácz adjunktus Ibolya  |e ths 
856 4 0 |u http://dolgozattar.uni-bge.hu/1719/1/Fonyad%20Zsuzsanna%20Szakdolgozat.pdf  |z Dokumentum-elérés